000 01703nam a2200253Ia 4500
999 _c51795
_d51795
001 18790
003 GE_BSU
005 20210422120437.0
008 181216s2013||||ge |||||||||||||| ||geo||
040 _cGE_BSU
041 _ageo
080 _a61 ტ-89
100 _aტუკვაძე, შორენა
_911516
245 _aთუთიის დეფიციტი ბავშვთა ასაკში და მისი პროფილაქტიკა თუთიით ფორტიფიცირებული პროდუქტით /
_cშორენა ტუკვაძე; სამეცნიერო ხელმძღვანელი რევაზ კვერენჩხილაძე, რუსუდან კვანჭახაძე; თბილისის სახ-ფო სამედიცინო უნ-ტი.
264 _aთბილისი,
_c2013
300 _a140 გვ. ;
_b30 სმ.
653 _aდისერტაცია
653 _aთუთიის დეფიციტი ბავშვთა ასაკში და მისი პროფილაქტიკა თუთიით ფორტიფიცირებული პროდუქტით
653 _aმედიცინა
653 _aკვების ჰიგიენა ბავშვებში
700 _aკვერენჩხილაძე, რევაზ
_eსამეცნიერო ხელმძღვანელი
_911513
700 _aკვანჭახაძე, რუსუდან
_eსამეცნიერო ხელმძღვანელი
_911517
942 _cBK
_2udc